| 000 | 01426 a2200301 4500 | ||
|---|---|---|---|
| 001 | 40640 | ||
| 005 | 20260407155702.0 | ||
| 008 | 260407a1991 arg spa d | ||
| 003 | AR-UNSa-BCEJYS | ||
| 040 |
_aAR-UNSa-BCEJYS _bspa _cAR-UNSa-BCEJYS |
||
| 080 |
_a165 _xTeoría del conocimiento. Epistemología |
||
| 245 | 1 | 0 | _aEpistemología de la economía |
| 020 | _a950-534-608-5 | ||
| 264 | 1 |
_aBuenos Aires : _bA-Z Editora _c1991 |
|
| 300 |
_a140 p. _c23 cm. |
||
| 505 | _a1. Descubrimientos y justificación en la filosofía de la ciencia - 2. Preferencias como lógica: consecuencias para la microeconomía - 3. Individualismo subjetivo - 4. Kuhn y la economía neoclásica - 5. ¿El fin de la historia? - 6. Complejidad y autoorganización en Paul Krugman - 7. La teoría de la elección social - 8. El papel de la epistemología en la selección de proyectos alternativos de ordenamiento social - 9. Influencia de la metodología estándar sobre la teoría económica neoclásica | ||
| 041 | _aspa | ||
| 942 | _cBK | ||
| 590 | _aniveau_biblio:m niveau_hierar:0 | ||
| 100 | 1 | _aScarano, Eduardo R | |
| 700 | 1 | _aMarqués, Gustavo L. | |
| 700 | 1 | _aAuday, Marcelo R. | |
| 700 | 1 | _aGarcía, Pablo Sebastián | |
| 700 | 1 | _aGómez, Ricardo J. | |
| 700 | 1 | _aLagrave, Fernando | |
| 700 | 1 | _aSchuster, Félix G. | |
| 856 | 4 | 1 |
_uhttps://biblioeco.unsa.edu.ar/pmb/images/libros/L86119.jpg _yImagen de portada _qimage/jpeg |
| 999 |
_c3281 _d3281 |
||